Shree Dasavishramadham (Record no. 364533)

MARC details
000 -LEADER
fixed length control field 003790000a22001570004500
005 - DATE AND TIME OF LATEST TRANSACTION
control field 20120302065337.0
040 ## - CATALOGING SOURCE
Original cataloging agency Mar
100 ## - MAIN ENTRY--PERSONAL NAME
Personal name
--
Numeration
Titles and other words associated with a name
245 ## - TITLE STATEMENT
Title Shree Dasavishramadham
260 ## - PUBLICATION, DISTRIBUTION, ETC. (IMPRINT)
Place of publication, distribution, etc Dhule:Satkaryottejak Sabha, 1914
300 ## - PHYSICAL DESCRIPTION
Extent 249p to 504p
365 ## - TRADE PRICE
Price amount 4.50/-
490 ## - SERIES STATEMENT
Series statement Ramadas Ani Ramadasi Granthamala - Bhag 7
650 ## - SUBJECT ADDED ENTRY--TOPICAL TERM
Topical term or geographic name as entry element Ovi, Abhanga
942 ## - ADDED ENTRY ELEMENTS (KOHA)
Koha item type Book
Holdings
Withdrawn status Lost status Damaged status Not for loan Home library Current library Date acquired Total Checkouts Barcode Date last seen Price effective from
        Institute For Oriental Study, Thane Institute For Oriental Study, Thane 12/02/2009   IOS-M 25588 12/02/2009 12/02/2009